| 000 | 00722cab a2200193 4500 | ||
|---|---|---|---|
| 001 | ABS39128 | ||
| 008 | 090401t1988 xxu||||| |||| 00| 0 eng d | ||
| 035 | _a(Sirsi) u14589 | ||
| 041 | _aeng | ||
| 100 | _aCottam, G. | ||
| 245 | _aMethod of measurement : builders bible | ||
| 260 | _c1988 | ||
| 350 | _a0 | ||
| 490 |
_aConstruction News _v(6057) 7 April 1988, 17(1) |
||
| 520 | _aReview of SMM7 and the Library of item descriptions, comparing it to the Civil Engineering method of measurement CESMM and describing how it is arranged. It also points out how features such as lists of drawings and provisional quantities are to be provided. | ||
| 690 |
_aQuantity surveying _96263 |
||
| 942 | _n0 | ||
| 948 | _c04/03/1997 | ||
| 999 |
_c9520 _d9520 |
||